Flame emission and atomic absorption spectrometry (Record no. 3477)
[ view plain ]
| 000 -LEADER | |
|---|---|
| fixed length control field | 00705nam a2200217Ia 4500 |
| 003 - CONTROL NUMBER IDENTIFIER | |
| control field | IN-BaIIA |
| 008 - FIXED-LENGTH DATA ELEMENTS--GENERAL INFORMATION | |
| fixed length control field | 211028s9999 xx 000 0 eng d |
| 040 ## - CATALOGING SOURCE | |
| Transcribing agency | IIA Library |
| 080 ## - UNIVERSAL DECIMAL CLASSIFICATION NUMBER | |
| Universal Decimal Classification number | 535.33 |
| Item number | DEA |
| 245 #0 - TITLE STATEMENT | |
| Title | Flame emission and atomic absorption spectrometry |
| Statement of responsibility, etc. | edited by John A. Dean and Theodore C. Rains |
| 260 ## - PUBLICATION, DISTRIBUTION, ETC. | |
| Place of publication, distribution, etc. | New York |
| Name of publisher, distributor, etc. | Marcel Dekker |
| Date of publication, distribution, etc. | 1969 |
| 300 ## - PHYSICAL DESCRIPTION | |
| Extent | xiv, 436p. |
| 650 ## - SUBJECT ADDED ENTRY--TOPICAL TERM | |
| Topical term or geographic name entry element | Atomic Spectra |
| 9 (RLIN) | 1533 |
| 650 ## - SUBJECT ADDED ENTRY--TOPICAL TERM | |
| Topical term or geographic name entry element | Emission Spectra |
| 9 (RLIN) | 6149 |
| 650 ## - SUBJECT ADDED ENTRY--TOPICAL TERM | |
| Topical term or geographic name entry element | Flame Spectroscopy |
| 9 (RLIN) | 4608 |
| 650 ## - SUBJECT ADDED ENTRY--TOPICAL TERM | |
| Topical term or geographic name entry element | NASA Thesaurus |
| 650 ## - SUBJECT ADDED ENTRY--TOPICAL TERM | |
| Topical term or geographic name entry element | Spectroscopy |
| 9 (RLIN) | 1535 |
| 700 ## - ADDED ENTRY--PERSONAL NAME | |
| Personal name | Dean, John A., ed. |
| 9 (RLIN) | 6150 |
| 700 ## - ADDED ENTRY--PERSONAL NAME | |
| Personal name | Rains, Theodore C., ed. |
| 9 (RLIN) | 6151 |
| 942 ## - ADDED ENTRY ELEMENTS (KOHA) | |
| Koha item type | Books |
| Withdrawn status | Lost status | Damaged status | Not for loan | Home library | Current library | Shelving location | Date acquired | Cost, normal purchase price | Total Checkouts | Full call number | Barcode | Date last seen | Date last checked out | Cost, replacement price | Price effective from | Koha item type | Purchase Price |
|---|---|---|---|---|---|---|---|---|---|---|---|---|---|---|---|---|---|
| IIA Library-Bangalore | IIA Library-Bangalore | General Stacks | 08/05/1970 | 156.60 | 1 | 535.33/ DEA | 3873 | 06/01/2023 | 14/12/2022 | 156.60 | 08/05/1970 | Books | Rs. 156.60 |